[Event "HUN-chT 2223"]
[Site "Hungary"]
[Date "2023.04.22"]
[Round "8.2"]
[White "Sipos, Istvan"]
[Black "Nenezic, Marko"]
[Result "1/2-1/2"]
[WhiteElo "2456"]
[BlackElo "2510"]
[PlyCount "94"]
[EventDate "2022.11.20"]
[EventType "team-tourn"]
[EventRounds "9"]
[EventCountry "HUN"]
[SourceTitle "EXT 2024"]
[Source "ChessBase"]
[SourceDate "2023.10.10"]
[SourceVersion "1"]
[SourceVersionDate "2023.10.10"]
[SourceQuality "1"]
[WhiteTeam "Biatorbagy"]
[BlackTeam "Kobanya Aquarena"]
[WhiteTeamCountry "HUN"]
[BlackTeamCountry "HUN"]

1. d4 Nf6 2. c4 g6 3. Nc3 Bg7 4. e4 d6 5. Be2 Nbd7 6. Be3 e5 7. d5 Nc5 8. f3 a5 9. g4 c6 10. h4 Bd7 11. Nh3 cxd5 12. cxd5 a4 13. Qd2 Qa5 14. Rc1 b5 15. Nf2 0-0 16. 0-0 Rfc8 17. Nd3 Ne8 18. Nb1 Qd8 19. Kg2 f5 20. Bxc5 dxc5 21. Nxc5 Nd6 22. Ne6 Qxh4 23. Nxg7 Kxg7 24. Rh1 Qe7 25. Qh6+ Kg8 26. exf5 gxf5 27. g5 Be8 28. Qe6+ Qxe6 29. dxe6 b4 30. Rhd1 Rxc1 31. Rxc1 Rc8 32. Rxc8 Nxc8 33. a3 bxa3 34. bxa3 Kf8 35. Nc3 Nb6 36. Bd3 Bg6 37. Bb5 Be8 38. Bd3 Bg6 39. Bb5 Ke7 40. Nxa4 Nxa4 41. Bxa4 Kxe6 42. Bb3+ Kd6 43. f4 e4 44. Kf2 Kc5 45. Ke3 Be8 46. Bg8 Bg6 47. Bb3 Be8 1/2-1/2

[Event "Belgrade Gligoric Trophy Gp-B"]
[Site "Belgrade"]
[Date "2023.02.06"]
[Round "3"]
[White "Nenezic, Marko"]
[Black "Djukic, Nikola"]
[Result "0-1"]
[WhiteElo "2514"]
[BlackElo "2514"]
[PlyCount "72"]
[EventDate "2023.02.06"]
[EventType "tourn (rapid)"]
[EventRounds "6"]
[EventCountry "SRB"]
[EventCategory "9"]
[SourceTitle "CBM 212 Extra"]
[Source "ChessBase"]
[SourceDate "2023.03.31"]
[SourceVersion "1"]
[SourceVersionDate "2023.03.31"]
[SourceQuality "1"]

1. Nf3 Nf6 2. c4 g6 3. b4 Bg7 4. Bb2 0-0 5. g3 a5 6. b5 c6 7. a4 d5 8. cxd5 cxb5 9. axb5 Nxd5 10. Bxg7 Kxg7 11. Bg2 Nd7 12. 0-0 N7b6 13. Na3 Be6 14. Ng5 Qd7 15. e4 Nb4 16. d4 f6 17. d5 fxg5 18. Qd4+ Rf6 19. Qxb6 Bxd5 20. Qe3 Be6 21. Rfd1 Qc7 22. Rac1 Qe5 23. Rc5 Qb2 24. e5 Rf7 25. Nc4 Bxc4 26. Rxc4 Raf8 27. Rf1 e6 28. Bh3 Nd5 29. Qxg5 Rxf2 30. Rcc1 Rxf1+ 31. Rxf1 Qd4+ 32. Kh1 Rxf1+ 33. Bxf1 Qe4+ 34. Kg1 Qe3+ 35. Qxe3 Nxe3 36. Bh3 Kf7 0-1

[Event "Belgrade Gligoric Trophy Gp-B"]
[Site "Belgrade"]
[Date "2023.02.06"]
[Round "1"]
[White "Nenezic, Marko"]
[Black "Gajcin, Marina"]
[Result "0-1"]
[WhiteElo "2514"]
[BlackElo "2215"]
[PlyCount "110"]
[EventDate "2023.02.06"]
[EventType "tourn (rapid)"]
[EventRounds "6"]
[EventCountry "SRB"]
[EventCategory "9"]
[SourceTitle "CBM 212 Extra"]
[Source "ChessBase"]
[SourceDate "2023.03.31"]
[SourceVersion "1"]
[SourceVersionDate "2023.03.31"]
[SourceQuality "1"]

1. Nf3 Nf6 2. c4 c5 3. Nc3 Nc6 4. d4 cxd4 5. Nxd4 e6 6. a3 Be7 7. e4 0-0 8. Nb3 Qc7 9. Be2 b6 10. Be3 Bb7 11. Rc1 Rad8 12. 0-0 Qb8 13. Rc2 Rfe8 14. Rd2 Bf8 15. Bg5 Be7 16. f4 h6 17. Bxf6 Bxf6 18. e5 Be7 19. Nb5 d5 20. exd6 Bf6 21. Bf3 Rd7 22. c5 Red8 23. cxb6 axb6 24. a4 Nb4 25. Bxb7 Qxb7 26. N3d4 Nd5 27. Qf3 g6 28. Rfd1 Qa8 29. b3 Rc8 30. h3 Rc5 31. Kh2 Qc8 32. Ne2 Kg7 33. Qe4 Kg8 34. g3 Bg7 35. h4 Nf6 36. Qf3 h5 37. Kg2 Nd5 38. f5 gxf5 39. Rd3 Nf6 40. Nf4 Rc2+ 41. R3d2 Ne4 42. Re2 Rxe2+ 43. Qxe2 Qc6 44. Kh2 Be5 45. Nxh5 Bxd6 46. Nxd6 Rxd6 47. Rxd6 Qxd6 48. Nf4 Qb4 49. Qc2 Qe1 50. Nh5 Kh7 51. Kg2 Kg6 52. Nf4+ Kh7 53. Qd3 Qf2+ 54. Kh3 Qg1 55. Qe2 Nf2+ 0-1

[Event "Belgrade Gligoric 100 Ann op"]
[Site "Belgrade"]
[Date "2023.02.05"]
[Round "7"]
[White "Alimpic, Aleksa"]
[Black "Nenezic, Marko"]
[Result "0-1"]
[WhiteElo "2243"]
[BlackElo "2514"]
[PlyCount "64"]
[EventDate "2023.02.05"]
[EventType "swiss (blitz)"]
[EventRounds "11"]
[EventCountry "SRB"]
[SourceTitle "EXT 2024"]
[Source "ChessBase"]
[SourceDate "2023.10.10"]
[SourceVersion "1"]
[SourceVersionDate "2023.10.10"]
[SourceQuality "1"]

1. d4 g6 2. e4 Bg7 3. c4 d6 4. Nc3 Nf6 5. Nf3 0-0 6. Be2 Nbd7 7. Be3 e5 8. 0-0 Qe7 9. Qc2 c6 10. d5 Ne8 11. Nd2 f5 12. exf5 gxf5 13. f4 c5 14. Rfe1 Nef6 15. a3 e4 16. h3 Kh8 17. b4 Rg8 18. Kh1 Bh6 19. Rab1 Qg7 20. Bf1 Nh5 21. Ne2 Qe7 22. bxc5 dxc5 23. g4 fxg4 24. Qxe4 Qh4 25. Nb3 gxh3 26. Nxc5 Ndf6 27. Qf3 Ng4 28. Bd4+ Bg7 29. Ne6 Bxe6 30. dxe6 Bxd4 31. Nxd4 Ng3+ 32. Kg1 h2+ 0-1

[Event "Belgrade Gligoric 100 Ann op"]
[Site "Belgrade"]
[Date "2023.02.05"]
[Round "4"]
[White "Nenezic, Marko"]
[Black "Cabrilo, Goran"]
[Result "1/2-1/2"]
[WhiteElo "2514"]
[BlackElo "2315"]
[PlyCount "79"]
[EventDate "2023.02.05"]
[EventType "swiss (blitz)"]
[EventRounds "11"]
[EventCountry "SRB"]
[SourceTitle "EXT 2024"]
[Source "ChessBase"]
[SourceDate "2023.10.10"]
[SourceVersion "1"]
[SourceVersionDate "2023.10.10"]
[SourceQuality "1"]

1. d4 Nf6 2. c4 e6 3. Nc3 Bb4 4. e3 0-0 5. Nge2 d5 6. a3 Be7 7. cxd5 Nxd5 8. e4 Nxc3 9. Nxc3 c5 10. d5 Bf6 11. Be3 exd5 12. exd5 b6 13. Be2 Bb7 14. Bf3 Nd7 15. d6 Ba6 16. Be2 Bxe2 17. Qxe2 Ne5 18. f4 Nc6 19. Ne4 Nd4 20. Qd3 Re8 21. 0-0 Nf5 22. d7 Re6 23. Bf2 Bd4 24. Nxc5 bxc5 25. Qxf5 Qxd7 26. Rad1 Bxf2+ 27. Kxf2 Qe7 28. Qd5 Re8 29. Kg1 Re2 30. b3 h6 31. h3 Qe3+ 32. Kh2 Rf2 33. Rxf2 Qxf2 34. Qf5 g6 35. Qf6 Qe3 36. Rd7 Qe6 37. Qxe6 Rxe6 38. Rxa7 Rb6 39. Rc7 Rxb3 40. Rxc5 1/2-1/2